00713nam a2200205Ia 4500008004100000020001800041082002600059100003600085245009800121260004600219260002000265260000900285300001000294650001900304650001500323650002000338942001000358999001700368952012200385260428s9999 xx 000 0 und d a9789561423800 a327.83082 R586f 2019  aRíos Llaneza, Macarena935832 0aDe frontera natural a límite político: la demarcación de la puna de Atacama (1881-1905) aEdiciones Universidad Católica de Chile bSantiago, Chile c2019 a298p. aArgentina9120 aChile9121 aLímites97538 clibro c20506d20506 00102ddc40708CGaBCbBCd2026-04-06eCompral0o327.83082 R586f 2019 c.1p27356r2026-04-30t1w2026-04-30ylibro